000
00233nam a2200097Ia 4500
008
220204s9999 xx 000 0 und d
082
_a
339.1
_b
WES
245
0
_a
West and central Africa
260
_a
New Delhi
_b
FICCI
_c
1966
942
_c
BK
999
_c
22218
_d
22218